|
|
|
|
| LEADER |
02455nam a22004215i 4500 |
| 001 |
978-1-4302-0317-9 |
| 003 |
DE-He213 |
| 005 |
20151204174327.0 |
| 007 |
cr nn 008mamaa |
| 008 |
100301s2007 xxu| s |||| 0|eng d |
| 020 |
|
|
|a 9781430203179
|9 978-1-4302-0317-9
|
| 024 |
7 |
|
|a 10.1007/978-1-4302-0317-9
|2 doi
|
| 040 |
|
|
|d GrThAP
|
| 050 |
|
4 |
|a QA76.758
|
| 072 |
|
7 |
|a UMZ
|2 bicssc
|
| 072 |
|
7 |
|a UL
|2 bicssc
|
| 072 |
|
7 |
|a COM051230
|2 bisacsh
|
| 082 |
0 |
4 |
|a 005.1
|2 23
|
| 100 |
1 |
|
|a Yadava, Himanshu.
|e author.
|
| 245 |
1 |
4 |
|a The Berkeley DB Book
|h [electronic resource] /
|c by Himanshu Yadava.
|
| 264 |
|
1 |
|a Berkeley, CA :
|b Apress,
|c 2007.
|
| 300 |
|
|
|a XX, 444 p.
|b online resource.
|
| 336 |
|
|
|a text
|b txt
|2 rdacontent
|
| 337 |
|
|
|a computer
|b c
|2 rdamedia
|
| 338 |
|
|
|a online resource
|b cr
|2 rdacarrier
|
| 347 |
|
|
|a text file
|b PDF
|2 rda
|
| 505 |
0 |
|
|a to Berkeley DB -- When to Use Berkeley DB -- Products, Compilation, and Installation -- Building a Simple Application Using Berkeley DB -- to Advanced Data Stores -- Advanced Operations -- A Real-World Data Store -- Replication -- Distributed Transactions and Data-Distribution Strategies -- Berkeley DB Utilities -- Berkeley DB Java APIs -- Berkeley DB C API.
|
| 520 |
|
|
|a The Berkeley DB Book is a practical guide to the intricacies of the Berkeley DB. This book covers in-depth the complex design issues that are mostly only touched on in terse footnotes within the dense Berkeley DB reference manual. It explains the technology at a higher level and also covers the internals, providing generous code and design examples. In this book, you will get to see a developer's perspective on intriguing design issues in Berkeley DB-based applications, and you will be able to choose design options for specific conditions. Also included is a special look at fault tolerance and high-availability frameworks. Berkeley DB is becoming the database of choice for large-scale applications like search engines and high-traffic web sites.
|
| 650 |
|
0 |
|a Computer science.
|
| 650 |
|
0 |
|a Software engineering.
|
| 650 |
1 |
4 |
|a Computer Science.
|
| 650 |
2 |
4 |
|a Software Engineering/Programming and Operating Systems.
|
| 710 |
2 |
|
|a SpringerLink (Online service)
|
| 773 |
0 |
|
|t Springer eBooks
|
| 776 |
0 |
8 |
|i Printed edition:
|z 9781590596722
|
| 856 |
4 |
0 |
|u http://dx.doi.org/10.1007/978-1-4302-0317-9
|z Full Text via HEAL-Link
|
| 912 |
|
|
|a ZDB-2-CWD
|
| 950 |
|
|
|a Professional and Applied Computing (Springer-12059)
|